000
00448nam a2200133Ia 4500
008
100328s9999 xx 000 0 und d
082
_b
64210
100
_a
घाणेकर माुसूदन.
245
_a
जन्मतारखेतील गूढ.
260
_b
इंद्रायणी.
630
_a
जन्मतारखेतील गूढ.
730
_a
जन्मतारखेतील गूढ.
942
_c
BOOK
999
_c
550016
_d
550013